Comparison of Neural Networks and Regression Time Series in Estimating the Development of the Afternoon Price of Palladium on the New York Stock Exchange

Cena paládia rastie najmä kvôli jeho fyzikálnym a chemickým vlastnostiam. Regresná analýza vývoja ceny paládia na newyorskej burze prostredníctvom neurálnych štruktúr a lineárnej regresie, porovnanie metód a určenie, ktorá z metód je vhodnejšia na predpovedanie vývoja jeho ceny.

Salvato in:
Dettagli Bibliografici
Autore principale: Vochozka, Marek
Natura: Capitolo di libro
Lingua:inglese
Soggetti:
Tags: Aggiungi Tag
Nessun Tag, puoi essere il primo ad aggiungerne!!

MARC

LEADER 00000naa a2200000 4500
001 0241033
005 20221104112502.4
041 0 |a eng 
044 |a CZ 
245 1 0 |a Comparison of Neural Networks and Regression Time Series in Estimating the Development of the Afternoon Price of Palladium on the New York Stock Exchange  |c Marek Vochozka 
520 |a Cena paládia rastie najmä kvôli jeho fyzikálnym a chemickým vlastnostiam. Regresná analýza vývoja ceny paládia na newyorskej burze prostredníctvom neurálnych štruktúr a lineárnej regresie, porovnanie metód a určenie, ktorá z metód je vhodnejšia na predpovedanie vývoja jeho ceny. 
610 2 0 |a kovy 
610 2 0 |a kovy strategické 
610 2 0 |a burzy 
610 2 0 |a burzy cenných papierov 
610 2 0 |a ceny 
610 2 0 |a vývoj cenový 
610 2 0 |a analýza regresná 
610 2 0 |a prognózy 
100 1 |a Vochozka, Marek